[Event "Mittelfrank Regionalliga Nord-West 2223"]
[Site "Mittelfranken"]
[Date "2023.01.15"]
[Round "5.2"]
[White "Kartsev, Alexandr"]
[Black "Kopp, Andre"]
[Result "1/2-1/2"]
[WhiteElo "2124"]
[BlackElo "2106"]
[PlyCount "71"]
[EventDate "2022.10.09"]
[EventType "team-tourn"]
[EventRounds "9"]
[EventCountry "GER"]
[SourceTitle "EXT 2024"]
[Source "ChessBase"]
[SourceDate "2023.10.10"]
[SourceVersion "1"]
[SourceVersionDate "2023.10.10"]
[SourceQuality "1"]
[WhiteTeam "Bad Neustadt"]
[BlackTeam "Marktleuthen"]
[WhiteTeamCountry "GER"]
[BlackTeamCountry "GER"]

1. e4 e5 2. Nf3 Nc6 3. Bb5 d6 4. 0-0 Bd7 5. c3 g6 6. d4 Bg7 7. Bg5 Nge7 8. Na3 h6 9. Be3 a6 10. Ba4 b5 11. Bb3 Na5 12. Bc2 0-0 13. Qd2 Kh7 14. dxe5 dxe5 15. Rad1 Be6 16. Bc5 Qe8 17. b3 Nb7 18. Be3 f5 19. exf5 gxf5 20. Nh4 Qh5 21. g3 Nd5 22. c4 Nxe3 23. fxe3 Nd6 24. c5 Nb7 25. Qg2 e4 26. Bxe4 Rad8 27. Bf3 Qg5 28. Bxb7 Qxe3+ 29. Qf2 Qc3 30. Rxd8 Rxd8 31. Nb1 Qd3 32. Nf3 Rb8 33. Bc6 f4 34. gxf4 Bh3 35. Nbd2 Kh8 36. Be4 1/2-1/2

[Event "Regionalliga NW 1516"]
[Site "Bayern"]
[Date "2016.01.31"]
[Round "6.1"]
[White "Singer, Reiner"]
[Black "Kopp, Andre"]
[Result "1-0"]
[WhiteElo "2069"]
[BlackElo "2153"]
[PlyCount "93"]
[EventDate "2015.10.11"]
[EventType "team-tourn"]
[EventRounds "9"]
[EventCountry "GER"]
[SourceTitle "EXT 2018"]
[Source "ChessBase"]
[SourceDate "2017.10.13"]
[SourceVersion "1"]
[SourceVersionDate "2017.10.13"]
[SourceQuality "1"]
[WhiteTeam "Kirchenlaibach"]
[BlackTeam "Marktleuthen"]
[WhiteTeamCountry "GER"]
[BlackTeamCountry "GER"]

1. e4 e5 2. Nf3 Nc6 3. Bb5 Nge7 4. c3 a6 5. Ba4 d6 6. d4 Bd7 7. Bg5 h6 8. Bh4 g5 9. Bg3 Bg7 10. d5 Nb8 11. Nfd2 Ng6 12. Nf1 Nf4 13. Ne3 Bxa4 14. Qxa4+ Nd7 15. Qc2 Qf6 16. b4 h5 17. h3 Rc8 18. Nd2 c6 19. dxc6 bxc6 20. Nb3 0-0 21. 0-0 Rfd8 22. Rad1 Nf8 23. Nf5 N8g6 24. Na5 Bf8 25. c4 d5 26. c5 Ne7 27. Nd6 Rxd6 28. cxd6 Qxd6 29. Bxf4 gxf4 30. Nb3 Qxb4 31. exd5 cxd5 32. Qe2 Bg7 33. Rc1 Re8 34. Qxa6 e4 35. Qe2 Ng6 36. Qxh5 Ne5 37. Rfd1 Nd3 38. Rc7 Rf8 39. Qxd5 Qb6 40. Rc2 Re8 41. Rxd3 exd3 42. Qxd3 Re1+ 43. Kh2 Be5 44. Rc8+ Kg7 45. Qf3 Rf1 46. Rc2 Kf8 47. Qe2 1-0

[Event "Regionalliga NW 1415"]
[Site "Bayern"]
[Date "2015.01.18"]
[Round "5.1"]
[White "Kopp, Andre"]
[Black "Koch, Christian1111"]
[Result "1/2-1/2"]
[WhiteElo "2153"]
[BlackElo "1930"]
[PlyCount "61"]
[EventDate "2014.10.19"]
[EventType "team-tourn"]
[EventRounds "9"]
[EventCountry "GER"]
[SourceTitle "EXT 2018"]
[Source "ChessBase"]
[SourceDate "2017.10.13"]
[SourceVersion "1"]
[SourceVersionDate "2017.10.13"]
[SourceQuality "1"]
[WhiteTeam "Marktleuthen"]
[BlackTeam "Hoechstadt/Aisch"]
[WhiteTeamCountry "GER"]
[BlackTeamCountry "GER"]

1. d4 Nf6 2. Nf3 g6 3. c4 Bg7 4. Nc3 0-0 5. Bg5 d6 6. e4 Bg4 7. Be2 Nc6 8. d5 Bxf3 9. Bxf3 Ne5 10. Be2 Ned7 11. Qd2 e5 12. h4 Qc8 13. g4 Nc5 14. f3 a5 15. h5 Nfd7 16. Bh6 Re8 17. hxg6 hxg6 18. Bxg7 Kxg7 19. Qh6+ Kf6 20. Qh4+ Kg7 21. Qh6+ Kf6 22. Qh4+ Kg7 23. 0-0-0 Rh8 24. Qg3 Nf6 25. f4 Ncxe4 26. Nxe4 Nxe4 27. Qe3 Nc5 28. fxe5 Qd7 29. exd6 cxd6 30. Rdf1 Qe8 31. Qf3 1/2-1/2

[Event "Regionalliga NW 1112"]
[Site "Bayern"]
[Date "2011.10.23"]
[Round "2.2"]
[White "Wunder, Stefan"]
[Black "Kopp, Andre"]
[Result "0-1"]
[WhiteElo "2025"]
[BlackElo "2146"]
[PlyCount "98"]
[EventDate "2011.10.02"]
[EventType "team-tourn"]
[EventRounds "9"]
[EventCountry "GER"]
[SourceTitle "EXT 2013"]
[Source "ChessBase"]
[SourceDate "2012.11.22"]
[SourceVersion "1"]
[SourceVersionDate "2012.11.22"]
[SourceQuality "1"]
[WhiteTeam "Nordhalben"]
[BlackTeam "Marktleuthen"]
[WhiteTeamCountry "GER"]
[BlackTeamCountry "GER"]

1. b3 e5 2. Bb2 Nc6 3. e3 d6 4. g3 Nf6 5. Bg2 Bg4 6. Ne2 Qd7 7. h3 Bf5 8. d3 h5 9. Nd2 0-0-0 10. Nc4 Be7 11. e4 Be6 12. Qd2 d5 13. exd5 Bxd5 14. Bxd5 Qxd5 15. 0-0-0 Rhe8 16. Nc3 Qe6 17. Qe3 Kb8 18. Kb1 a6 19. Rde1 Bb4 20. a3 Bxc3 21. Bxc3 Nd5 22. Qd2 Nxc3+ 23. Qxc3 Qf5 24. g4 hxg4 25. hxg4 Qxg4 26. Rhg1 Qf4 27. Rxg7 e4 28. dxe4 Qxf2 29. e5 Re7 30. Kb2 Qd4 31. Rf1 Nxe5 32. Qxd4 Rxd4 33. Nxe5 Rxe5 34. Rfxf7 Rc5 35. Rf8+ Ka7 36. c4 Rh5 37. Rxc7 Rd3 38. Kc2 Rhh3 39. c5 Rc3+ 40. Kd2 Rcd3+ 41. Ke2 Rxb3 42. Kf2 Rb2+ 43. Kg1 Rg3+ 44. Kh1 Rxa3 45. Rf1 Rc3 46. c6 Rxc6 47. Rxc6 bxc6 48. Rf8 a5 49. Kg1 Re2 0-1

[Event "Regionalliga NW 1011"]
[Site "Bayern"]
[Date "2010.11.14"]
[Round "3.2"]
[White "Urytskyy, Arkadiy"]
[Black "Kopp, Andre"]
[Result "1/2-1/2"]
[WhiteElo "2103"]
[BlackElo "2159"]
[PlyCount "56"]
[EventDate "2010.10.10"]
[EventType "team-tourn"]
[EventRounds "9"]
[EventCountry "GER"]
[SourceTitle "EXT 2012"]
[Source "ChessBase"]
[SourceDate "2011.11.24"]
[SourceVersion "1"]
[SourceVersionDate "2011.11.24"]
[SourceQuality "1"]
[WhiteTeam "Kirchenlaibach"]
[BlackTeam "Marktleuthen"]
[WhiteTeamCountry "GER"]
[BlackTeamCountry "GER"]

1. e4 e5 2. Bc4 Nc6 3. Nf3 Bc5 4. 0-0 d6 5. h3 Be6 6. Bxe6 fxe6 7. c3 Nf6 8. d4 Bb6 9. a4 a5 10. dxe5 Nxe4 11. Qe2 d5 12. Nbd2 Nxd2 13. Bxd2 0-0 14. Ng5 Qe7 15. Kh1 h6 16. Nf3 Rf5 17. g4 Rf7 18. Nh2 Raf8 19. f4 g5 20. f5 exf5 21. e6 Rf6 22. gxf5 Rxf5 23. Rxf5 Rxf5 24. Ng4 Kg7 25. Re1 Bc5 26. Qd3 Qf8 27. Be3 Bxe3 28. Nxe3 Re5 1/2-1/2

[Event "Landesliga Nord 0708"]
[Site "Bayern"]
[Date "2007.11.25"]
[Round "3.2"]
[White "Kopp, Andre"]
[Black "Londyn, Radek"]
[Result "0-1"]
[WhiteElo "2145"]
[BlackElo "2218"]
[PlyCount "102"]
[EventDate "2007.10.21"]
[EventType "team-tourn"]
[EventRounds "9"]
[EventCountry "GER"]
[SourceTitle "EXT 2009"]
[Source "ChessBase"]
[SourceDate "2008.11.26"]
[SourceVersion "1"]
[SourceVersionDate "2008.11.26"]
[SourceQuality "1"]
[WhiteTeam "Marktleuthen"]
[BlackTeam "Kulmbach"]
[WhiteTeamCountry "GER"]
[BlackTeamCountry "GER"]

1. e4 c5 2. b4 cxb4 3. d4 d5 4. e5 Nc6 5. Nf3 Bg4 6. Be2 e6 7. 0-0 Nge7 8. Nbd2 Nf5 9. h3 Bxf3 10. Nxf3 Nh4 11. Ne1 Be7 12. Be3 0-0 13. Bd3 f5 14. g3 Ng6 15. f4 Nh8 16. g4 g6 17. Nf3 Nf7 18. Rf2 a5 19. Qe2 a4 20. Rb1 b3 21. cxb3 Nb4 22. bxa4 Rxa4 23. Rb2 Qc7 24. gxf5 gxf5 25. Rg2+ Kh8 26. Bb1 Ra3 27. Qe1 Qc3 28. Qg3 Qxe3+ 29. Rbf2 Bg5 30. fxg5 Rg8 31. Qh4 Rg6 32. Qh5 Kg7 33. Bxf5 Rxa2 34. Bxg6 hxg6 35. Qg4 Nd3 36. Qg3 b5 37. h4 b4 38. h5 Rxf2 39. Rxf2 Nxf2 40. h6+ Kh7 41. Qxf2 Qxf2+ 42. Kxf2 b3 43. Ke3 b2 44. Nd2 Nxg5 45. Kd3 Kxh6 46. Kc2 Nf7 47. Kxb2 Kg5 48. Kc3 Kf4 49. Kd3 g5 50. Ke2 g4 51. Kf2 Nh6 0-1

[Event "Regionalliga NW 0506"]
[Site "Bayern"]
[Date "2006.02.19"]
[Round "7.3"]
[White "Schwarzmann, Tobias"]
[Black "Kopp, Andre"]
[Result "0-1"]
[WhiteElo "1901"]
[BlackElo "2155"]
[PlyCount "62"]
[EventDate "2005.10.23"]
[EventType "team-tourn"]
[EventRounds "9"]
[EventCountry "GER"]
[SourceTitle "EXT 2007"]
[Source "ChessBase"]
[SourceDate "2006.11.23"]
[SourceVersion "1"]
[SourceVersionDate "2006.11.23"]
[SourceQuality "1"]

1. c4 Nf6 2. Nc3 g6 3. g3 Bg7 4. Bg2 0-0 5. Nf3 d6 6. d3 Nc6 7. 0-0 e5 8. Bg5 h6 9. Bd2 Ne8 10. e4 Bg4 11. Qc1 Kh7 12. Nd5 f5 13. Nh4 Nd4 14. Nc3 Be2 15. exf5 gxf5 16. Re1 Bxd3 17. Bf1 Bxf1 18. Kxf1 Nf6 19. Ne2 Nxe2 20. Rxe2 Qd7 21. Qc2 e4 22. Rd1 Rae8 23. Ng2 Ng4 24. Kg1 Ne5 25. Be3 Nf3+ 26. Kh1 f4 27. Nxf4 Rxf4 28. Bxf4 Qh3 29. g4 Nh4 30. f3 Qxf3+ 31. Kg1 Qxf4 0-1

[Event "Landesliga Nord 0405"]
[Site "Bayern"]
[Date "2005.02.13"]
[Round "7.3"]
[White "Finster, Michael"]
[Black "Kopp, Andre"]
[Result "1-0"]
[WhiteElo "2134"]
[BlackElo "2111"]
[PlyCount "81"]
[EventDate "2004.10.24"]
[EventType "team-tourn"]
[EventRounds "9"]
[EventCountry "GER"]
[SourceTitle "EXT 2008"]
[Source "ChessBase"]
[SourceDate "2007.11.25"]
[SourceVersion "1"]
[SourceVersionDate "2007.11.25"]
[SourceQuality "1"]
[WhiteTeam "Nuernberg Sued SW"]
[BlackTeam "Marktleuthen"]
[WhiteTeamCountry "GER"]
[BlackTeamCountry "GER"]

1. d4 Nf6 2. c4 g6 3. Nc3 Bg7 4. b3 0-0 5. Bb2 c5 6. e3 d5 7. Nf3 Nc6 8. Be2 Qa5 9. 0-0 Rd8 10. Nb5 a6 11. Bc3 Qb6 12. dxc5 Qxc5 13. b4 Qb6 14. c5 Qxb5 15. Bxb5 axb5 16. a4 bxa4 17. Rxa4 Rxa4 18. Qxa4 Ne4 19. Bxg7 Kxg7 20. b5 Nb8 21. Qa5 Re8 22. Qc7 Nd7 23. Rc1 Ndf6 24. Ne5 Kf8 25. f3 Ng5 26. c6 Ne6 27. cxb7 Nxc7 28. b8Q Nxb5 29. Rxc8 Nd6 30. Rd8 h6 31. h4 Kg7 32. g4 g5 33. hxg5 hxg5 34. f4 Rxd8 35. Qxd8 gxf4 36. Qxe7 Nfe4 37. exf4 Kg8 38. g5 d4 39. Nxf7 d3 40. Nh6+ Kh8 41. g6 1-0

[Event "Landesliga Nord 0405"]
[Site "Bayern"]
[Date "2004.11.28"]
[Round "3.3"]
[White "Roeder, Gerd"]
[Black "Kopp, Andre"]
[Result "1/2-1/2"]
[WhiteElo "2197"]
[BlackElo "2111"]
[PlyCount "82"]
[EventDate "2004.10.24"]
[EventType "team-tourn"]
[EventRounds "9"]
[EventCountry "GER"]
[SourceTitle "EXT 2008"]
[Source "ChessBase"]
[SourceDate "2007.11.25"]
[SourceVersion "1"]
[SourceVersionDate "2007.11.25"]
[SourceQuality "1"]
[WhiteTeam "Altensittenbach"]
[BlackTeam "Marktleuthen"]
[WhiteTeamCountry "GER"]
[BlackTeamCountry "GER"]

1. e4 e5 2. Nc3 Nc6 3. Bc4 Nf6 4. d3 Bb4 5. Bg5 h6 6. Bxf6 Qxf6 7. Nge2 d6 8. 0-0 Bxc3 9. Nxc3 Be6 10. Nd5 Bxd5 11. Bxd5 0-0 12. g3 Nd8 13. c3 c6 14. Bb3 Ne6 15. Qg4 Nc5 16. Bc2 Qg5 17. Qxg5 hxg5 18. f4 gxf4 19. gxf4 Nd7 20. Rae1 g6 21. f5 Kg7 22. Re3 g5 23. Rg3 Kf6 24. Rf2 Rg8 25. Rfg2 Rg7 26. h4 Rag8 27. h5 Rh8 28. Bd1 Rd8 29. Kf2 d5 30. Ke3 dxe4 31. dxe4 Nb6 32. Be2 Rgg8 33. b3 Nd7 34. Rh2 Rh8 35. Rh1 Nc5 36. Rhg1 Rhg8 37. R3g2 Nd7 38. Rd1 Nb6 39. Rh1 Rh8 40. Rhg1 Rhg8 41. Rh1 Rh8 1/2-1/2

[Event "Landesliga Nord 0304"]
[Site "Bayern"]
[Date "2004.04.25"]
[Round "9.3"]
[White "Kopp, Andre"]
[Black "Schatz, Christian"]
[Result "1/2-1/2"]
[WhiteElo "2103"]
[BlackElo "2129"]
[PlyCount "43"]
[EventDate "2003.10.??"]
[EventType "team"]
[EventRounds "9"]
[EventCountry "GER"]
[SourceTitle "EXT 2006"]
[Source "ChessBase"]
[SourceDate "2005.11.24"]
[SourceVersion "1"]
[SourceVersionDate "2005.11.24"]
[SourceQuality "1"]
[WhiteTeam "Marktleuthen"]
[BlackTeam "Asittenbach"]
[WhiteTeamCountry "GER"]
[BlackTeamCountry "GER"]

1. e4 e6 2. d4 d5 3. Nc3 Nf6 4. Bg5 Bb4 5. Bxf6 Qxf6 6. e5 Qe7 7. a3 Bxc3+ 8. bxc3 c5 9. f4 0-0 10. Nf3 b6 11. Bd3 g6 12. 0-0 Ba6 13. a4 Bxd3 14. Qxd3 Nc6 15. Kh1 Rac8 16. Rac1 cxd4 17. cxd4 Qb4 18. g4 Ne7 19. c3 Qxa4 20. Nh4 f5 21. exf6 Rxf6 22. f5 1/2-1/2